| 000 | 00820nam a22002297a 4500 | ||
|---|---|---|---|
| 005 | 20251014110510.0 | ||
| 008 | 250901s2005 ag a|||br|||| 000 0 spa d | ||
| 020 | _a9879418549 | ||
| 040 | _aMX-MxUPN | ||
| 041 | 0 | _aspa | |
| 050 |
_aPQ7798.12 6C44 _bC5 2005a |
||
| 100 | 1 |
_aCinetto de González, Liliana Cristina, _d1967- _932491 |
|
| 245 | 1 | 0 |
_aBiblioteca de los pequeños lectores : _bcuentos con rima |
| 260 |
_aBuenos Aires : _bCírculo Latino Austral, _c2006 |
||
| 300 |
_a88 páginas : _bilutraciones a color |
||
| 490 | 0 | _aBiblioteca de los pequeños lectores | |
| 500 | _aDonación Cerezo Rojas Karen Fabiola | ||
| 650 | 4 |
_aCuentos infantiles argentinos _97466 |
|
| 650 | 4 |
_aCuentos infantiles _vColecciones _958165 |
|
| 902 |
_aMarisolLicea/01092025 _bBerenice Martínez/141025 |
||
| 942 |
_2lcc _cLIBRO |
||
| 999 |
_c213935 _d213935 |
||